000 00475nam a2200169Ia 4500
005 20250508162100.0
008 008 250505s9999 xx 000 0 eng d
037 _aTextual
040 _aFEDL
_beng
_cFEDL
041 _aeng
_2eng
084 _a371.333, POP
_qFEDL
100 _aPopham W James
245 0 _aPreparing instructional products : Four developmental principles
300 _a208p.
942 _cTEXL
_h371.333, POP
999 _c1374274
_d1374274